00976 2200325 4500001002100000005001500021035002000036007000300056008004100059020002200100082001500122084001700137100003500154245009100189250003100280300003200311650002000343700003300363504003300396264003400429336002100463337003000484338002300514040002200537090002200559850001200581041001300593999002200606990002200628INLIS00000000086024220210525094854 a0010-0521000823ta210525s2020 yoi g | ind d a978-623-261-065-104223a200.19 a200.19 JAL p0 aJalwis Jamild1972-ePengarang10aPsikologi agama & kesehatan mental /cJalwis Jamil, Deri Wanto; penyunting, Deri Wanto aCetakan pertama, Juni 2020 axviii, 214 halaman ;c23 cm 4aPsikologi agama0 aDeri Wantod1987-ePengarang aBibliografi: halaman 205-20931aBantul :bSamudra Biru,c2020 2rdacontentateks 2rdamediaatanpa perantara 2rdacarrieravolume aYOPDYOGbinderda aCB-D.11 2020-2822 aYOPDYOG0 aindgara aCB-D.11/2020-2822 aCB-D.11/2020-2822